Landforms and Geomorphic Features - Statistics

General Stats
  • This quiz has been taken 70 times
  • The average score is 12 of 24
Answer Stats
Picture Answer % Correct
Dune
95%
Volcano
94%
Cave
81%
Drumlin
81%
Hillock
81%
Canyon
79%
Beach
77%
Plateau
71%
River delta
69%
Bay
61%
Landslide
61%
Atoll
56%
Sinkhole
50%
Cliffs
44%
Floodplain
34%
Ridge
29%
Cirque
23%
Sea stacks
23%
Alluvial fan
19%
U-shaped valley
19%
Badlands
16%
Limestone pavement
13%
Yardangs
5%
Hummocks
2%
No matching quizzes found
Score Distribution
Percent of People with Each Score
Percentile by Number Answered
Your Score History
You have not taken this quiz